Southville International School and Colleges
Your cart is empty.
  • Cart
  • Lists
    Public lists Eva Luna New books Lux_list list_1
    Your lists Log in to create your own lists
  • Log in to your account
  • Your cookies
  • Search history
Southville International School and Colleges
  • Advanced search
  • Recent comments
  • Most popular
  • Libraries

Log in to your account

Log in with GOOGLE


If you do not have an external account, but do have a local account, you can still log in:

  1. Home
  2. MARC view: Tests and examinations :
Normal view MARC view ISBD view

Tests and examinations : (Record no. 20198)

[ view plain ]
MARC details
000 -LEADER
fixed length control field 00563nam a2200193 a 4500
005 - DATE AND TIME OF LATEST TRANSACTION
control field 20140310183214.0
008 - FIXED-LENGTH DATA ELEMENTS--GENERAL INFORMATION
fixed length control field 030421s19uu xx 00 eng d
050 ## - LIBRARY OF CONGRESS CALL NUMBER
Classification number BF 176
Item number .Ai485 1998
100 ## - MAIN ENTRY--PERSONAL NAME
Personal name Aiken, Lewis
245 ## - TITLE STATEMENT
Title Tests and examinations :
Remainder of title measuring abilities and performance /
Statement of responsibility, etc Lewis R. Aiken.
260 ## - PUBLICATION, DISTRIBUTION, ETC. (IMPRINT)
Place of publication, distribution, etc Canada :
Name of publisher, distributor, etc John Wiley and Sons Inc.,
Date of publication, distribution, etc 1998.
300 ## - PHYSICAL DESCRIPTION
Extent 293 p. :
Dimensions 24 cm.
521 ## - TARGET AUDIENCE NOTE
Target audience note
650 ## - SUBJECT ADDED ENTRY--TOPICAL TERM
Topical term or geographic name as entry element Psychological Tests
650 ## - SUBJECT ADDED ENTRY--TOPICAL TERM
Topical term or geographic name as entry element Ability Testing
650 ## - SUBJECT ADDED ENTRY--TOPICAL TERM
Topical term or geographic name as entry element Psychometrics
942 ## - ADDED ENTRY ELEMENTS (KOHA)
Koha item type Books
Source of classification or shelving scheme Library of Congress Classification
Call number prefix Foreign
Holdings
Withdrawn status Lost status Source of classification or shelving scheme Damaged status Home library Current library Shelving location Date acquired Total Checkouts Full call number Barcode Date last seen Date checked out Copy number Price effective from Koha item type
    Library of Congress Classification   College Library College Library General Circulation Section 04/07/2010 1 BF 176 .Ai485 1998 C3668 05/15/2018 04/14/2016 1 03/10/2014 Books

Tests and examinations :

APA

Aiken L., . (1998). Tests and examinations. Canada: John Wiley and Sons Inc.

Chicago

Aiken Lewis, . 1998. Tests and examinations. Canada: John Wiley and Sons Inc.

Harvard

Aiken L., . (1998). Tests and examinations. Canada: John Wiley and Sons Inc.

MLA

Aiken Lewis, . Tests and examinations. Canada: John Wiley and Sons Inc. 1998.

  • Place hold
  • Print
  • Cite
  • Add to your cart (remove)
  • Save record
    BIBTEX Dublin Core MARCXML MARC (non-Unicode/MARC-8) MARC (Unicode/UTF-8) MARC (Unicode/UTF-8, Standard) MODS (XML) RIS
  • More searches
    Search for this title in:
    Other Libraries (WorldCat) Other Databases (Google Scholar) Online Stores (Bookfinder.com) Open Library (openlibrary.org)

Exporting to Dublin Core...

SOUTHVILLE LIBRARY

Southville International School and Colleges Library

1281 Tropical Ave. Cor. Luxembourg St., BF Homes International, Las Pinas City

Tel. No. 8256374 / 252358 Loc. 117/146

Powered by Koha